000 00514nam a2200121Ia 4500
008 220620s9999||||xx |||||||||||||| ||und||
100 _aTomlinson, Mark||Walsh, Vivien||Green, Ken||McMeekin, Andrew
245 0 _aInnovation by demand: An interdisciplinary approach to the study of demand and its role in innovation
546 _aEnglish[eng]
650 _aeconomics||consumerism||marketing||Usability
856 _uhttps://library.oapen.org/bitstream/20.500.12657/35044/1/Innovation%20by%20demand.pdf
942 _cEB
999 _c22489
_d22489